000 00647nam a2200241 4500
001 14162
003 ES-MaACL
005 20250523062554.0
007 t|
008 000000s1984 sp ||||0| spa d
016 7 _zIBH8405823537
020 _a84-85708-21-0
040 _aIBH
_bspa
_cM-BN-DP
080 _a860-23"19"
100 1 _aGarcía Calvo, Agustín,
_d1926-2012
_eaut
_9233841
245 1 0 _aRey de una hora /
_cAgustín García Calvo.
250 _a[1ª ed].
260 _aMadrid :
_bLucina,
_c1984.
300 _a78 p. ;
_c18 cm.
852 _aES-MaACL
_jL-21438
_bR.126732
942 _2udc
999 _c14162
_d14162